| 000 | 00610 a2200181 4500 | ||
|---|---|---|---|
| 020 | _a044451287X | ||
| 020 | _a9780444512871 | ||
| 082 | _a532.050151 | ||
| 090 |
_c989 _d989 |
||
| 100 | _aFriedlander,S. | ||
| 245 | 1 | 0 |
_aHandbook of mathematical fluid dynamics. _nVolume 2 / _cS. Friedlander, D. Serre. |
| 260 |
_a[S.l.] : _bNorth Holland, _c2006 |
||
| 300 |
_a626 p. ; _c25 cm. |
||
| 700 | 1 | _aFriedlander, S. | |
| 700 | 1 | _aSerre, D. | |
| 942 |
_aSNS _cBK _k532.050151 FRI |
||
| 999 |
_c29608 _d29608 |
||